000 00537cam a2200205ua 4500
001 5269
008 120306n nyu |||gr||||Z||||||eng
020 _a0-393-97752-8
040 _cMAIN
082 _a821
100 _aShelley, P. B.,
_eAuthor,
245 1 1 _aShelley`s poetry and prose
_cby P. B. Shelley
250 _a1st.
260 _aNew york:
_bW. W. Norton & company,
_c2007.
300 _a786p:
_c23cm.
653 _aEnglish poetry
700 _aReiman, Donald H.,
_eEditor,
700 _aFraistat, Neil,
_eEditor,
942 _cBK
999 _c4451
_d4451